00500nam a2200133Ia 4500008004100000100002300041245007100064260004600135300001100181650001300192856006900205999001900274952007300293160712s9999 xx 000 0 und d aCovar, Prospero R. cProspero R. CovaraKaalamang Bayang Dalumat ng Pagkataong Pilipino c2015bDaluyan: Journal ng Wikang Filipino a no. 1 xFILIPINO uhttp://journals.upd.edu.ph/index.php/djwf/issue/view/529/showToc c297029d297029 001040aCLbCLd2016-07-12l0r2016-07-12 00:00:00w2016-07-12yFEJ